Relie les frères et soeurs dans Naruto - Statistiques

Statistiques générales
  • Ce quiz a été pris 248 fois
  • Le résultat moyen est 12 sur 15
Statistiques - réponses
Hint Réponse % Correct
Sasuke Itachi
92%
Hashirama Tobirama
92%
Gamatatsu Gamakichi
88%
Gaara Temari
87%
Killer B A
84%
Hinata Anabi
80%
Kinkaku Ginkaku
80%
Sai Shin
78%
Tsunade Nawaki
73%
Indra Ashura
69%
Hiashi Hisashi
69%
Hagoromo Hamura
68%
Suigetsu Mangetsu
68%
Madara Izuna
67%
Chiyo Ebizo
57%
Aucun quiz correspondant
Distribution des résultats
% des personnes avec chaque résultat
Percentile par nombre de réponses
Votre historique - résultats
Vous n’avez pas pris ce quiz